000 02032 a2200217 4500
001 21889
005 20260407155508.0
008 260407a1992 arg spa d
003 AR-UNSa-BCEJYS
040 _aAR-UNSa-BCEJYS
_bspa
_cAR-UNSa-BCEJYS
080 _a658.15
_xAdministración financiera privada. Gestión financiera de empresas
245 1 0 _aDecisiones Financieras
020 _a950-537-201-9
264 1 _aBuenos Aires :
_bEdiciones Macchi
_c1992
300 _axviii, 621 p.
_c21 cm.
505 _a1. Alcance y objetivos de las finanzas 2. Valuación y algunos principios en Finanzas 3. Los elementos del análisis de decisiones de inversión 4. Criterio para el análisis de inversiones 5. Tasa de rentabilidad versus valores presentes netos 6. Definición del flujo de fondo 7. Análisi de inversiones en condiciones de incertidumbre 8. Análisis de portafolios de inversiones 9. Fundamentos teóricos sobre riesgo y retorno 10. El retorno requerido para los proyectos 11. La inflación y el análisis de inversiones fijas y de activos de trabajo 12. Decisiones de financiamiento y la hipótesis de mercado eficientes 13. Los elementos del análisis de decisiones de financiamiento 14. Calculo del costo de las deudas 15. Leasing 16. El laverage y sus efectos 17. Decisiones de estructura financiera 18. La determinación del nivel de endeudamiento en la práctica 19. Factores que influyen en la política de dividendos 20. Dividendos y su relación con inversiones y financiamiento 21. Elementos para algunas decisiones en moneda extranjera y mercados foward 22. Futuros 23. Opciones 24. Introducción a las finnazas de instituciones financieras 25. La rentabilidad de instituciones financieras 26. Los riesgos en instituciones financieras 27. Aproximación al estado del arte en finanzas a manera de epilogo.
942 _cBK
590 _aniveau_biblio:m niveau_hierar:0
100 1 _aPascale, Ricardo
856 4 1 _uhttps://170.210.207.44/pmb/images/libros/L125644_01.jpg
_yImagen de portada
_qimage/jpeg
999 _c863
_d863